Landen naar inwoners - Tegelquiz - Statistieken

Algemene statistieken
  • Deze quiz is 60 keer genomen
  • De gemiddelde score is 37 van 60
Antwoordstatistieken
Vraag Vak Select % Correct
groter dan 100 miljoen. Griekenland Nee
98%
groter dan 100 miljoen. Verenigde Staten Ja
98%
groter dan 100 miljoen. India Ja
96%
groter dan 100 miljoen. Peru Nee
96%
groter dan 100 miljoen. Spanje Nee
96%
groter dan 100 miljoen. Irak Nee
94%
kleiner dan 100.000. San Marino Ja
90%
groter dan 100 miljoen. Duitsland Nee
88%
groter dan 100 miljoen. Frankrijk Nee
88%
groter dan 100 miljoen. Brazilië Ja
86%
groter dan 100 miljoen. Indonesië Ja
86%
kleiner dan 100.000. Monaco Ja
86%
kleiner dan 100.000. Nauru Ja
84%
kleiner dan 100.000. San Marino Ja
84%
kleiner dan 100.000. Andorra Ja
80%
tussen 1 en 10 miljoen. Denemarken Ja
80%
groter dan 100 miljoen. Nigeria Ja
80%
groter dan 100 miljoen. Pakistan Ja
78%
tussen 10 en 100 miljoen Australië Ja
76%
kleiner dan 100.000. IJsland Nee
76%
kleiner dan 100.000. Palau Ja
76%
tussen 1 en 10 miljoen. Ierland Ja
75%
tussen 10 en 100 miljoen Qatar Nee
75%
tussen 1 en 10 miljoen. Saint Lucia Nee
75%
tussen 100.000 en 1 miljoen Luxemburg Ja
69%
tussen 10 en 100 miljoen Armenië Nee
67%
tussen 1 en 10 miljoen. Costa Rica Ja
67%
tussen 1 en 10 miljoen. Malta Nee
67%
tussen 1 en 10 miljoen. Syrië Nee
67%
tussen 10 en 100 miljoen Ghana Ja
61%
tussen 1 en 10 miljoen. Uruguay Ja
61%
tussen 1 en 10 miljoen. Chili Nee
59%
kleiner dan 100.000. Malediven Nee
57%
tussen 1 en 10 miljoen. Singapore Ja
57%
tussen 10 en 100 miljoen Mongolië Nee
55%
tussen 1 en 10 miljoen. Roemenië Nee
55%
tussen 100.000 en 1 miljoen Estland Nee
53%
tussen 10 en 100 miljoen Niger Ja
53%
kleiner dan 100.000. Dominica Ja
51%
tussen 100.000 en 1 miljoen Mauritius Nee
51%
tussen 10 en 100 miljoen Japan Nee
45%
tussen 100.000 en 1 miljoen Belize Ja
43%
kleiner dan 100.000. Grenada Nee
43%
tussen 10 en 100 miljoen Madagaskar Ja
43%
tussen 10 en 100 miljoen Mexico Nee
43%
tussen 10 en 100 miljoen Sri Lanka Ja
43%
tussen 100.000 en 1 miljoen Barbados Ja
41%
tussen 100.000 en 1 miljoen Bhutan Ja
41%
tussen 10 en 100 miljoen Ethiopië Nee
41%
tussen 100.000 en 1 miljoen Montenegro Ja
41%
tussen 100.000 en 1 miljoen Antigua en Barbuda Nee
37%
tussen 100.000 en 1 miljoen Eswatini Nee
37%
tussen 100.000 en 1 miljoen Guyana Ja
35%
kleiner dan 100.000. Samoa Nee
35%
tussen 100.000 en 1 miljoen Seychellen Nee
35%
tussen 1 en 10 miljoen. Suriname Nee
35%
kleiner dan 100.000. Vanuatu Nee
33%
tussen 1 en 10 miljoen. Libië Ja
31%
tussen 10 en 100 miljoen Nepal Ja
25%
tussen 100.000 en 1 miljoen Cyprus Nee
24%
Geen overeenkomende quizzen gevonden
Scoreverdeling
Procent van Mensen met Elke Score
Percentiel versus Aantal Correcte Antwoorden
Uw Scoregeschiedenis
U heeft deze quiz nog niet genomen